| 000 | 00342nam a2200145Ia 4500 | ||
|---|---|---|---|
| 008 | 230917s9999||||xx |||||||||||||| ||und|| | ||
| 040 |
_e145760 _aMAIN |
||
| 041 | _aEnglish | ||
| 082 | _a320.50954 M474L | ||
| 100 | _aMehrotra, Nanak Chand | ||
| 245 | 0 | _aLohia: A study | |
| 260 |
_aDelhi _bAtma Ram _c1978 |
||
| 300 | _a254 p. | ||
| 942 | _cBK | ||
| 999 |
_c71577 _d71577 |
||